Loading...
| Social Science | 0 | 3 | 0 | 3 | 30 | 128 | 134.00 | 1 | 1 |
| Philosophy | 1 | 2 | 1 | 0 | 30 | 35 | 90.00 | 3 | 3 |
| Mythology | 1 | 1 | 0 | 0 | 25 | 55 | 89.50 | 2 | 2 |
| Literature - European Literature | 0 | 2 | 0 | 1 | 20 | 154 | 160.50 | 0 | 0 |
| Religion | 0 | 2 | 0 | 1 | 20 | 138 | 139.00 | 0 | 2 |
| Fine Arts - Other Fine Arts | 1 | 0 | 0 | 0 | 15 | 53 | 53.00 | 1 | 1 |
| History - World History | 1 | 0 | 1 | 0 | 10 | 50 | 50.00 | 0 | 1 |
| History - European History | 0 | 1 | 0 | 1 | 10 | 148 | 148.00 | 0 | 1 |
| Literature - British Literature | 0 | 1 | 0 | 0 | 10 | 110 | 110.00 | 0 | 1 |
| Literature - World Literature | 0 | 1 | 2 | 0 | 0 | 125 | 125.00 | 0 | 1 |
| Fine Arts - Visual Fine Arts | 0 | 0 | 0 | 0 | 0 | 0.00 | 0 | 0 |